| 000 | 00951nam a2200229 u 4500 | ||
|---|---|---|---|
| 001 | 000821599 | ||
| 003 | AM-YeHGA | ||
| 005 | 20250617144557.0 | ||
| 008 | 110707s1973 ||| r 000 0 rus d | ||
| 040 | _aAM-YeHGA | ||
| 041 | 1 |
_arus _hfre |
|
| 100 | 1 | _aСтиль, Андре | |
| 245 | 1 | 0 |
_aПойдем танцевать, Виолина : _bРоман : Перевод с французского / _cА. Стиль; Перев. Л. Померанцевой; Послесл. Т. Балашовой; Рис. А. Яковлева. |
| 246 | 1 | 5 | _aViens danser, Violin |
| 260 |
_aМосква : _bПрофиздат, _c1973. |
||
| 300 |
_a191 стр. : _bилл. ; _c21 см. |
||
| 650 | 1 | 4 |
_aФранцузская литература _xРоман |
| 700 | 1 |
_aПомеранцева, Л. _eперев. _4trl |
|
| 700 | 1 |
_aБалашова, Т. _eавт. послесл. _4aft |
|
| 700 | 1 |
_aЯковлев, А. _eхудож. _4art |
|
| 090 | _c298447 | ||
| 999 |
_c296755 _d296755 |
||